عرض عادي
عرض مارك
- المستهلكون
مدخل مصطلح موضوعي
001 - رقم الضبط
- حقل الضبط: 19733
003 - معرف رقم الضبط
- حقل الضبط: OSt
005 - تاريخ ووقت أخر عملية
- حقل الضبط: 20130126105517.0
008 - عناصر بيانات ثابتة الطول
- حقل تحكم ثابت الطول: 130126|||a|||||| | ||| d
040 ## - مصدر الفهرسة
- هيئة الفهرسة الأصلية: OSt
- وكالة الكتابة: OSt
150 ## - مدخل-- مصطلح تاريخي
- عنصر مدخل المصطلح الموضوعي او الاسم الجغرافي: المستهلكون
- تفريع عام: سلوك حياة
670 ## - بيانات المصدر موجوده
- الاستشهاد بالمصدر: Work cat.: (OSt): الغدير، حمد راشد 19732, سلوك المستهلك :
